[Event "Skopje op-B"]
[Site "Skopje"]
[Date "2023.12.11"]
[Round "8"]
[White "Stefanoski, Daniel"]
[Black "Aleksovski, Aleksandar"]
[Result "0-1"]
[WhiteElo "1430"]
[BlackElo "1791"]
[PlyCount "34"]
[EventDate "2023.12.06"]
[EventType "swiss"]
[EventRounds "9"]
[EventCountry "MKD"]
[SourceTitle "CB51_2023"]
[SourceDate "2023.12.20"]
[SourceVersion "1"]
[SourceVersionDate "2023.12.20"]
[SourceQuality "1"]

1. e4 e5 2. Nf3 Nc6 3. Bb5 f5 4. exf5 e4 5. Bxc6 dxc6 6. Ne5 Nf6 7. 0-0 Bxf5 8. f3 Qd4+ 9. Kh1 Qxe5 10. fxe4 Ng4 11. g3 Bxe4+ 12. Rf3 Nf2+ 13. Kg2 Nxd1 14. d3 Bxf3+ 15. Kxf3 Bc5 16. Bf4 Qh5+ 17. Kg2 Qe2+ 0-1

[Event "FRM-chT2"]
[Site "Struga"]
[Date "2023.07.01"]
[Round "3.1"]
[White "Todorovski, Ilija"]
[Black "Aleksovski, Aleksandar"]
[Result "0-1"]
[WhiteElo "2139"]
[BlackElo "1786"]
[PlyCount "90"]
[EventDate "2023.06.30"]
[EventType "team-tourn"]
[EventRounds "7"]
[EventCountry "MKD"]
[SourceTitle "EXT 2024"]
[Source "ChessBase"]
[SourceDate "2023.10.10"]
[SourceVersion "1"]
[SourceVersionDate "2023.10.10"]
[SourceQuality "1"]

1. e4 e5 2. Nf3 Nc6 3. Bb5 f5 4. d3 fxe4 5. dxe4 Nf6 6. Nc3 d6 7. Bg5 Be7 8. Qd2 Bg4 9. 0-0-0 Bxf3 10. gxf3 a6 11. Bc4 Nd4 12. Qe3 Qd7 13. Kb1 Rf8 14. Ne2 Nxe2 15. Bxe2 h6 16. Bxf6 Rxf6 17. Rhg1 g5 18. h4 Rf4 19. hxg5 Bxg5 20. Qb3 0-0-0 21. c4 Qc6 22. Rd5 Qb6 23. Qxb6 cxb6 24. b4 Kc7 25. a4 Rh4 26. Rg2 Rh1+ 27. Bd1 Rf8 28. Kc2 Kc6 29. a5 bxa5 30. Rxa5 Rf4 31. Rd5 Rfh4 32. Kc3 R4h2 33. Rxh2 Rxh2 34. c5 dxc5 35. Rxc5+ Kb6 36. Kc4 Bf4 37. Rd5 h5 38. Rd7 h4 39. Rh7 Rh1 40. Bb3 h3 41. Kd3 Kc6 42. Bd5+ Kd6 43. Rxb7 h2 44. Rh7 Rd1+ 45. Ke2 h1Q 0-1

[Event "FRM-ch"]
[Site "Ohrid"]
[Date "2017.08.20"]
[Round "8"]
[White "Aleksovski, Aleksandar"]
[Black "Jordanov, Mihail"]
[Result "1/2-1/2"]
[WhiteElo "1902"]
[BlackElo "1685"]
[PlyCount "82"]
[EventDate "2017.08.13"]
[EventType "swiss"]
[EventRounds "9"]
[EventCountry "MKD"]
[SourceTitle "CBM 180 Extra"]
[Source "ChessBase"]
[SourceDate "2017.10.06"]
[SourceVersion "1"]
[SourceVersionDate "2017.10.06"]
[SourceQuality "1"]

1. d4 Nf6 2. Nf3 e6 3. c4 b6 4. Nc3 Bb4 5. Bd2 Bb7 6. e3 0-0 7. Be2 Bxc3 8. Bxc3 d6 9. 0-0 Ne4 10. Rc1 f5 11. Qb3 Qe7 12. Nd2 Qg5 13. d5 Nc5 14. Qc2 e5 15. f4 exf4 16. Rxf4 Qe7 17. Bd4 Bc8 18. b4 Nb7 19. Rcf1 c5 20. dxc6 Nxc6 21. Qc3 Nxd4 22. Qxd4 Nd8 23. Qd5+ Ne6 24. Rxf5 Rxf5 25. Qxa8 Rxf1+ 26. Nxf1 Qb7 27. Bf3 Qxa8 28. Bxa8 Nc7 29. Bd5+ Be6 30. Bxe6+ Nxe6 31. Kf2 Kf7 32. Kf3 Nc7 33. Ke4 Ke6 34. Kd4 Kf6 35. Ng3 Ke6 36. Ne4 h6 37. Nc3 Na6 38. a3 Nb8 39. e4 Nc6+ 40. Kd3 Ne5+ 41. Kd4 Nc6+ 1/2-1/2

[Event "FRM-ch op 25th"]
[Site "Struga"]
[Date "2016.07.23"]
[Round "8"]
[White "Aleksovski, Aleksandar"]
[Black "Nikolovska, Dragana"]
[Result "0-1"]
[WhiteElo "1947"]
[BlackElo "1878"]
[PlyCount "84"]
[EventDate "2016.07.16"]
[EventType "swiss"]
[EventRounds "9"]
[EventCountry "MKD"]
[SourceTitle "CBM 173 Extra"]
[Source "ChessBase"]
[SourceDate "2016.08.29"]
[SourceVersion "1"]
[SourceVersionDate "2016.08.29"]
[SourceQuality "1"]

1. c4 Nf6 2. Nf3 c5 3. Nc3 Nc6 4. d4 cxd4 5. Nxd4 g6 6. Nxc6 bxc6 7. g3 Bg7 8. Bg2 Bb7 9. 0-0 0-0 10. e4 d6 11. Be3 Qa5 12. a3 Rfd8 13. Qc2 Ng4 14. Bd2 Qh5 15. h3 Ne5 16. b3 Nf3+ 17. Bxf3 Qxf3 18. Rfe1 Bc8 19. Re3 Qh5 20. g4 Qh4 21. Kg2 h5 22. Rg3 Kh7 23. Rh1 Rh8 24. f4 Kg8 25. g5 f6 26. Rf3 fxg5 27. Be1 Bxh3+ 28. Rfxh3 Qxf4 29. Rf1 Qe5 30. Nd1 Qe6 31. Nf2 Rf8 32. Bc3 Bxc3 33. Qxc3 g4 34. Rhh1 Rf3 35. Qa5 h4 36. Qg5 Rg3+ 37. Kh2 Rh5 38. Qf4 Rf3 39. Qxg4 Rxf2+ 40. Rxf2 Qxg4 41. Rg1 Qxe4 42. Rgf1 Rf5 0-1

[Event "FRM-ch op 25th"]
[Site "Struga"]
[Date "2016.07.22"]
[Round "7"]
[White "Veleski, Robert"]
[Black "Aleksovski, Aleksandar"]
[Result "1-0"]
[WhiteElo "2162"]
[BlackElo "1947"]
[PlyCount "87"]
[EventDate "2016.07.16"]
[EventType "swiss"]
[EventRounds "9"]
[EventCountry "MKD"]
[SourceTitle "CBM 173 Extra"]
[Source "ChessBase"]
[SourceDate "2016.08.29"]
[SourceVersion "1"]
[SourceVersionDate "2016.08.29"]
[SourceQuality "1"]

1. Nf3 Nf6 2. g3 b6 3. Bg2 Bb7 4. 0-0 e6 5. d3 d5 6. Nbd2 Bd6 7. c3 0-0 8. Qc2 Nbd7 9. e4 h6 10. Re1 dxe4 11. dxe4 Ng4 12. h3 Nge5 13. Nxe5 Nxe5 14. Nb3 c5 15. f4 Nc6 16. Be3 Qc7 17. Nd2 Rac8 18. e5 Be7 19. Ne4 Na5 20. Qe2 c4 21. Kh2 Bxe4 22. Bxe4 Bc5 23. Bd2 f6 24. exf6 Rxf6 25. Rad1 Nb7 26. Be3 Bxe3 27. Qxe3 Nd6 28. Bg2 Nf5 29. Qe5 Qxe5 30. Rxe5 Rc7 31. Re4 h5 32. g4 hxg4 33. hxg4 Rh6+ 34. Bh3 Ne7 35. g5 Rh4 36. Kg2 e5 37. Be6+ Kh7 38. f5 Rh5 39. Rh1 Rxh1 40. Kxh1 g6 41. Rh4+ Kg7 42. f6+ Kf8 43. Rh8+ Ng8 44. Rxg8# 1-0

[Event "FRM-ch op 25th"]
[Site "Struga"]
[Date "2016.07.19"]
[Round "4"]
[White "Aleksovski, Aleksandar"]
[Black "Zvezdakoski, Matej"]
[Result "1-0"]
[WhiteElo "1947"]
[BlackElo "1566"]
[PlyCount "79"]
[EventDate "2016.07.16"]
[EventType "swiss"]
[EventRounds "9"]
[EventCountry "MKD"]
[SourceTitle "CBM 173 Extra"]
[Source "ChessBase"]
[SourceDate "2016.08.29"]
[SourceVersion "1"]
[SourceVersionDate "2016.08.29"]
[SourceQuality "1"]

1. d4 d5 2. c4 e6 3. Nc3 Nf6 4. Nf3 Be7 5. Bf4 0-0 6. h3 a6 7. cxd5 exd5 8. Rc1 c6 9. e3 Bb4 10. Qb3 Bd6 11. Bxd6 Qxd6 12. Bd3 Nbd7 13. 0-0 c5 14. dxc5 Nxc5 15. Qa3 Qb6 16. Nxd5 Nxd5 17. Qxc5 Be6 18. Qxb6 Nxb6 19. b3 Rac8 20. Be4 Bd5 21. Rxc8 Rxc8 22. Bxd5 Nxd5 23. Rd1 Nc3 24. Rd2 Ne4 25. Rd4 f5 26. Ne5 g6 27. Rc4 Rd8 28. f3 Ng3 29. Kf2 Nh1+ 30. Ke1 Re8 31. f4 g5 32. Rc7 b6 33. Rc6 Ng3 34. Kf2 gxf4 35. exf4 Ne4+ 36. Kf3 Rb8 37. g4 Rf8 38. gxf5 Nc5 39. Rxb6 Rxf5 40. b4 1-0

[Event "FRM-ch op 25th"]
[Site "Struga"]
[Date "2016.07.16"]
[Round "1"]
[White "Stanojoski, Zvonko"]
[Black "Aleksovski, Aleksandar"]
[Result "1-0"]
[WhiteElo "2435"]
[BlackElo "1947"]
[PlyCount "141"]
[EventDate "2016.07.16"]
[EventType "swiss"]
[EventRounds "9"]
[EventCountry "MKD"]
[SourceTitle "CBM 173 Extra"]
[Source "ChessBase"]
[SourceDate "2016.08.29"]
[SourceVersion "1"]
[SourceVersionDate "2016.08.29"]
[SourceQuality "1"]

1. e4 e5 2. Nf3 Nc6 3. Bc4 Nf6 4. d4 exd4 5. 0-0 Be7 6. Re1 d6 7. Nxd4 Nxd4 8. Qxd4 0-0 9. Nc3 Ng4 10. Nd5 Bf6 11. Nxf6+ Qxf6 12. Qxf6 Nxf6 13. Bg5 Be6 14. Bf1 Nd7 15. b3 h6 16. Bh4 g5 17. Bg3 Rae8 18. Re3 f5 19. exf5 Bxf5 20. Rc3 Nc5 21. b4 Ne6 22. Bc4 Rf6 23. h4 Re7 24. hxg5 hxg5 25. f4 Kg7 26. Re1 Rd7 27. fxg5 Nxg5 28. Bh4 Rg6 29. Rf1 Be4 30. Rg3 Nh7 31. Rxg6+ Kxg6 32. Be6 Rg7 33. Rf4 Bxc2 34. Bd8 c6 35. Bc8 d5 36. Rg4+ Kh6 37. Rxg7 Kxg7 38. Bxb7 Ba4 39. Kf2 Nf8 40. Bc7 Bb5 41. Be5+ Kf7 42. Bc8 Ne6 43. Ke3 Ng5 44. Bf5 Bf1 45. g4 Bb5 46. Bb8 a6 47. Kf4 Ne6+ 48. Ke5 Ng7 49. Bc2 Ke7 50. Bd6+ Kd7 51. Bf8 Ne8 52. Bf5+ Kd8 53. g5 Bc4 54. a4 Bb3 55. a5 Bc4 56. g6 Kc7 57. Be6 Bb3 58. Bf7 Kd7 59. g7 Nxg7 60. Bxg7 Kc7 61. Bf8 Bc4 62. Bd6+ Kb7 63. Bc5 Bb5 64. Kd6 Ba4 65. Be6 Bb5 66. Ke7 Ba4 67. Kd8 Kb8 68. Bd6+ Ka8 69. Kc7 d4 70. Bc8 c5 71. Bb7+ 1-0

[Event "FRM-ch op 24th"]
[Site "Struga"]
[Date "2015.08.24"]
[Round "3"]
[White "Veljanoski, Andrej"]
[Black "Aleksovski, Aleksandar"]
[Result "0-1"]
[WhiteElo "1571"]
[BlackElo "1970"]
[PlyCount "142"]
[EventDate "2015.08.22"]
[EventType "swiss"]
[EventRounds "9"]
[EventCountry "MKD"]
[SourceTitle "EXT 2016"]
[Source "ChessBase"]
[SourceDate "2015.10.08"]
[SourceVersion "1"]
[SourceVersionDate "2015.10.08"]
[SourceQuality "1"]

1. e4 e5 2. Nf3 Nc6 3. d4 exd4 4. Bc4 Be7 5. Nxd4 Nf6 6. Nc3 Nxd4 7. Qxd4 d6 8. 0-0 0-0 9. h3 Nd7 10. f4 Bf6 11. Qe3 Nb6 12. Bd3 c5 13. Kh1 Bxc3 14. bxc3 c4 15. Be2 Re8 16. Bf3 d5 17. e5 Bf5 18. Qd2 Qc7 19. Ba3 Rad8 20. Rfe1 Qc6 21. Rad1 Qa4 22. Bc5 Bxc2 23. Rc1 Bd3 24. Be2 Be4 25. Bg4 Qc6 26. Bd4 a6 27. f5 Nd7 28. Qf4 Qc7 29. Bf3 Nxe5 30. Bxe4 dxe4 31. Qxe4 f6 32. Rb1 b5 33. Rb2 Nd3 34. Qxe8+ Rxe8 35. Rxe8+ Kf7 36. Rbe2 Qd7 37. R8e6 Nf4 38. R2e4 Nd3 39. g4 Qb7 40. Kg2 a5 41. Kf3 Ne5+ 42. Ke3 b4 43. Rb6 Qc8 44. Rb5 b3 45. axb3 cxb3 46. Bxe5 fxe5 47. Rxb3 Qc5+ 48. Kf3 Qd5 49. Ra3 Qd3+ 50. Re3 Qd5+ 51. Kf2 Kf6 52. Ke2 Qc4+ 53. Kf2 a4 54. Kf3 Qf4+ 55. Ke2 Qh2+ 56. Kf1 Qb2 57. c4 Qc1+ 58. Kf2 Qxc4 59. Kg2 e4 60. Kg3 Ke5 61. Kf2 Kf4 62. Re2 Qc5+ 63. Ree3 Qc2+ 64. Re2 Qd1 65. Re1 Qd4+ 66. Ree3 Qb2+ 67. Kf1 Qb5+ 68. Kf2 Qb2+ 69. Kg1 Qd2 70. Rec3 e3 71. Rxa4+ Kf3 0-1

[Event "FRM-ch op 20th"]
[Site "Struga"]
[Date "2011.07.18"]
[Round "3"]
[White "Aleksovski, Aleksandar"]
[Black "Bejatovic, Bojana"]
[Result "1/2-1/2"]
[WhiteElo "1980"]
[BlackElo "1978"]
[PlyCount "95"]
[EventDate "2011.07.16"]
[EventType "swiss"]
[EventRounds "9"]
[EventCountry "MKD"]
[SourceTitle "CBM 143 Extra"]
[Source "ChessBase"]
[SourceDate "2011.08.29"]
[SourceVersion "1"]
[SourceVersionDate "2011.08.29"]
[SourceQuality "1"]

1. d4 f5 2. c4 g6 3. Nc3 Nf6 4. Nf3 Bg7 5. g3 d6 6. Bg2 0-0 7. 0-0 c6 8. Re1 Qe8 9. e3 e5 10. dxe5 dxe5 11. e4 Nxe4 12. Nxe4 fxe4 13. Rxe4 Bf5 14. Re1 Nd7 15. Be3 Qf7 16. Rc1 h6 17. Nh4 Be6 18. b3 g5 19. Nf3 Rad8 20. Nd2 Nf6 21. Bxa7 Qc7 22. Bc5 Rf7 23. Qc2 b6 24. Be3 Ng4 25. Nf1 Bf5 26. Be4 Nxe3 27. Nxe3 Bxe4 28. Qxe4 Rd2 29. Nf5 Rxa2 30. Nxg7 Kxg7 31. Re2 Rxe2 32. Qxe2 Qd6 33. Re1 Re7 34. Qe4 Kf6 35. Re3 Qe6 36. Rf3+ Kg7 37. Re3 Kf6 38. Rf3+ Kg7 39. Kg2 Rf7 40. Rxf7+ Kxf7 41. Qh7+ Kf8 42. Qc7 b5 43. Qb8+ Kf7 44. cxb5 Qd5+ 45. Kh3 Qe6+ 46. Kg2 Qd5+ 47. Kh3 Qe6+ 48. Kg2 1/2-1/2

[Event "FRM-ch op 20th"]
[Site "Struga"]
[Date "2011.07.16"]
[Round "1"]
[White "Aleksovski, Aleksandar"]
[Black "Menkinoski, Riste"]
[Result "0-1"]
[WhiteElo "1980"]
[BlackElo "2345"]
[PlyCount "88"]
[EventDate "2011.07.16"]
[EventType "swiss"]
[EventRounds "9"]
[EventCountry "MKD"]
[SourceTitle "CBM 143 Extra"]
[Source "ChessBase"]
[SourceDate "2011.08.29"]
[SourceVersion "1"]
[SourceVersionDate "2011.08.29"]
[SourceQuality "1"]

1. d4 Nf6 2. c4 e6 3. Nc3 Bb4 4. Qc2 Nc6 5. Nf3 d6 6. e3 0-0 7. a3 Bxc3+ 8. Qxc3 a5 9. Bd3 Re8 10. 0-0 a4 11. e4 e5 12. d5 Ne7 13. Bc2 Nd7 14. Be3 b6 15. Qb4 Nc5 16. Bxc5 bxc5 17. Qc3 Ng6 18. b4 axb3 19. Qxb3 Nf4 20. Rfe1 Bg4 21. h3 Bh5 22. Kh2 Qf6 23. g4 Bxg4 24. hxg4 Qh6+ 25. Kg1 Qh3 26. Nh4 Qxh4 27. Qg3 Qg5 28. Re3 Reb8 29. Bd1 Rb2 30. Rb3 Rd2 31. Bf3 Nd3 32. Rd1 Nb2 33. Rxd2 Qxd2 34. Rb7 h6 35. Rxc7 Rxa3 36. Kg2 Nxc4 37. Qh4 Qf4 38. Rc8+ Kh7 39. Qg3 Qxg3+ 40. fxg3 Nd2 41. Rc6 Nxf3 42. Rxd6 Ng5 43. Rc6 Ra2+ 44. Kf1 Nxe4 0-1

[Event "FRM-ch 14th"]
[Site "Struga"]
[Date "2005.07.16"]
[Round "8"]
[White "Aleksovski, Aleksandar"]
[Black "Vukelic, Zvonimir"]
[Result "1/2-1/2"]
[WhiteElo "2004"]
[BlackElo "2026"]
[PlyCount "74"]
[EventDate "2005.07.09"]
[EventType "swiss"]
[EventRounds "9"]
[EventCountry "MKD"]
[SourceTitle "CBM 107 Extra"]
[Source "ChessBase"]
[SourceDate "2005.09.01"]
[SourceVersion "1"]
[SourceVersionDate "2005.09.01"]
[SourceQuality "1"]

1. d4 d5 2. c4 c6 3. e3 Nf6 4. Nc3 dxc4 5. Bxc4 Bf5 6. Qb3 e6 7. Qxb7 Nbd7 8. Qa6 Qb6 9. Qxb6 axb6 10. Nf3 b5 11. Bb3 Bb4 12. Ke2 0-0 13. Bd2 Rfb8 14. Rhc1 c5 15. dxc5 Nxc5 16. Bc2 Bxc2 17. Rxc2 Nb3 18. Rd1 Nxd2 19. Nxd2 h6 20. a3 Be7 21. Nde4 b4 22. Nxf6+ Bxf6 23. axb4 Rxb4 24. Rdc1 Rab8 25. Nd1 Bxb2 26. Nxb2 Rxb2 27. Kf3 Kh7 28. Rc7 Kg6 29. h4 Rd2 30. R1c2 Rb2 31. Rxd2 Rxd2 32. g3 Ra2 33. Rc4 f5 34. Rc6 Kf6 35. Rb6 g6 36. Rc6 g5 37. hxg5+ hxg5 1/2-1/2

[Event "FRM-ch 14th"]
[Site "Struga"]
[Date "2005.07.15"]
[Round "7"]
[White "Novakovic, Slavko"]
[Black "Aleksovski, Aleksandar"]
[Result "1-0"]
[WhiteElo "2090"]
[BlackElo "2004"]
[PlyCount "89"]
[EventDate "2005.07.09"]
[EventType "swiss"]
[EventRounds "9"]
[EventCountry "MKD"]
[SourceTitle "CBM 107 Extra"]
[Source "ChessBase"]
[SourceDate "2005.09.01"]
[SourceVersion "1"]
[SourceVersionDate "2005.09.01"]
[SourceQuality "1"]

1. d4 d5 2. c4 e6 3. Nc3 Nf6 4. Bg5 Be7 5. cxd5 exd5 6. e3 0-0 7. Bd3 h6 8. Bh4 c6 9. Rc1 Re8 10. Nge2 Nh5 11. Bxe7 Qxe7 12. Qc2 Be6 13. Na4 Nd7 14. Nc5 Nxc5 15. Qxc5 Qg5 16. Ng3 Nxg3 17. hxg3 Bf5 18. Be2 Qe7 19. Qxe7 Rxe7 20. Rc5 Rae8 21. Kd2 Be4 22. Bf3 Bxf3 23. gxf3 f6 24. b4 a6 25. a4 Ra8 26. Rhc1 Rd7 27. b5 axb5 28. axb5 Ra2+ 29. R1c2 Rxc2+ 30. Kxc2 Rd6 31. Kd3 Kf7 32. e4 Ke6 33. b6 dxe4+ 34. fxe4 Rd8 35. Ra5 Kd6 36. f4 Re8 37. e5+ fxe5 38. dxe5+ Ke6 39. Ke4 g6 40. Ra7 Re7 41. g4 Rf7 42. Ra8 Rh7 43. f5+ gxf5+ 44. gxf5+ Kd7 45. Rb8 1-0

[Event "Macedonian op"]
[Site "Struga"]
[Date "2002.07.20"]
[Round "1"]
[White "Ilic, Zoran"]
[Black "Aleksovski, Aleksandar"]
[Result "1-0"]
[WhiteElo "2360"]
[BlackElo "2040"]
[PlyCount "85"]
[EventDate "2002.07.20"]
[EventType "swiss"]
[EventRounds "9"]
[EventCountry "MKD"]
[SourceTitle "CBM 089 Extra"]
[Source "ChessBase"]
[SourceDate "2002.09.10"]
[SourceVersion "2"]
[SourceVersionDate "2002.09.10"]
[SourceQuality "1"]

1. c4 Nf6 2. Nc3 e6 3. g3 d5 4. Bg2 Be7 5. Nf3 0-0 6. 0-0 c6 7. d3 Nbd7 8. Bf4 Nh5 9. Bd2 Qc7 10. Rc1 dxc4 11. dxc4 Nb6 12. b3 Rd8 13. Qc2 Ba3 14. Rcd1 Qe7 15. Ng5 Nf6 16. Nce4 Nbd7 17. Bc3 Nxe4 18. Nxe4 Bb4 19. Bb2 f5 20. Nc3 Nf6 21. Rxd8+ Qxd8 22. e4 Bd7 23. a3 Bxc3 24. Qxc3 Qe7 25. exf5 exf5 26. Re1 Qd6 27. c5 Qf8 28. Qb4 b6 29. Bd4 b5 30. Qa5 Qd8 31. Qxd8+ Rxd8 32. Bxf6 gxf6 33. Rd1 Kf7 34. Bxc6 Ke7 35. Rxd7+ Rxd7 36. Bxd7 Kxd7 37. b4 Kc6 38. Kg2 a5 39. Kf3 axb4 40. axb4 Kd5 41. Ke3 Ke5 42. Kf3 h5 43. Kg2 1-0